LEADER 00575nam a2200169 i 4500 001 000000006688 003 CaOOAMICUS 005 20180830125438.0 008 180830s1988 it u000 u ita u 040 $aSeMil$bita 245 12$aL'età moderna. 650 4$aLetteratura italiana - Sec. 16.$0(OLS)http://semarc/subject/1055 650 4$aLetteratura italiana - Sec. 17.$0(OLS)http://semarc/subject/1056 773 0 $tStoria e geografia.$w()3337 774 0 $t1.$z88-06-11378-X$w()67228 774 0 $t2.$z88-06-11380-1$w()103404 996 $6245$aL'età moderna$9(OLS)http://semarc/title/8911 LEADER 00952nam a2200241 i 4500 001 000000059425 003 CaOOAMICUS 005 20070614000000.0 008 980611s1967 it u000 u ita u 013 $a30597 040 $aSeMil$bita 245 10$aMusica sacra e azione pastorale. 260 $aTorino-Leumann :$bElle Di Ci,$cstampa 1967. 300 $a198 p. ;$c21 cm. 490 0 $aQuaderni di Rivista liturgica ;$v6 650 4$aLiturgia - Pastorale.$0(OLS)http://semarc/subject/1999 650 4$aMusica sacra.$0(OLS)http://semarc/subject/1556 830 0$aQuaderni di Rivista liturgica ;$v6.$0(OLS)http://semarc/title/6635 850 $aSeMil 852 $aSeMil$W1$xVenegono$y1$m3K II 178$j25578$B25578$CSeMilBibl$Z2$F25581 $81 961 $aOmaggio: Oggioni don Costantino 996 $6245$aMusica sacra e azione pastorale$9(OLS)http://semarc/title/92841 996 $6260$aTorino-Leumann :$bElle Di Ci$9(OLS)http://semarc/publisher/30113